000 00298nam a2200121Ia 4500
008 241002s9999 xx 000 0 und d
082 _a297.65 NUM
100 _aNumani, Shibli
245 0 _aOmar the Great The Second Cliph of Islami
260 _aLahore:
_c1961
600 _aReligion
942 _cUC
999 _c18366
_d18366